Sports Quiz

Random Sports Quiz

Tiverton Town goalscorers Quiz Stats

 Plays Quiz not verified by Sporcle

Challenge
Share
Tweet
Embed
Score 0/113 Timer 10:00
0 Plays Today
Total Goals % Correct
4Stuart Smith
87.9%
119Jamie Mudge
84.8%
72Phil Everett
84.8%
30Scott Rogers
81.8%
1Neil Saunders
81.8%
18Nathan Rudge
78.8%
11Mark Saunders
78.8%
53Steve Ovens
75.8%
16Joe Bushin
75.8%
11David Steele
75.8%
82Kevin Nancekivell
72.7%
23Steve Daly
72.7%
15Chris Holloway
72.7%
9Tom Gardner
72.7%
43Richard Pears
69.7%
33Steve Winter
69.7%
8Chris Vinnicombe
69.7%
1Luke Vinnicombe
69.7%
24Chris Bale
66.7%
3Dave Leonard
66.7%
15Carl Cliff-Brown
60.6%
3Alex Faux
60.6%
21Paul Chenoweth
57.6%
21Tom Knighton
57.6%
12Mike Booth
57.6%
10Stewart Yetton
57.6%
4Jamie Densham
57.6%
3Adam Mortimer
57.6%
3Dave Hambly
57.6%
2Glenn Gould
57.6%
1Adam Faux
57.6%
17Antony Lynch
54.5%
10Kurt Nogan
54.5%
3Steve Peters
54.5%
2Steve Flack
54.5%
1Tom Gould
54.5%
20Nicky Marker
51.5%
8Bobby Hopkinson
51.5%
Total Goals % Correct
8Paul Milsom
51.5%
4Darren Davies
51.5%
2Danny Haines
51.5%
2Jason Rees
51.5%
2Matt Villis
51.5%
1Paul Tatterton
51.5%
7Darren Davies
48.5%
3Colin Marshall
48.5%
11Paul Wyatt
45.5%
10Simon Bochenski
45.5%
5Barry McConnell
45.5%
5Nathaniel Pepperell
45.5%
4Arran Pugh
45.5%
2Chris Curran
45.5%
2Iain Harvey
45.5%
2Shaun Goff
45.5%
1Lee Harvey
45.5%
1Matt Bye
45.5%
1Rob Cousins
45.5%
18Phil Walsh
42.4%
9Tom Beddow
42.4%
6Pete Conning
42.4%
2Andrew Thomas
42.4%
2Lawrence Hall
42.4%
1Danny O'Brien
42.4%
1Liam Ellis
42.4%
1Sam Croft
42.4%
8Paul Jarvis
39.4%
5James Fraser
39.4%
4Kevin Wills
39.4%
1Ian Sampson
39.4%
1Jamie Hatch
39.4%
1Sean Szabo
39.4%
8Chris Young
36.4%
3Radley Veale
36.4%
2Sam Malsom
36.4%
1Ben Cleverley
36.4%
1Danny Clay
36.4%
Total Goals % Correct
1Paul Buckle
36.4%
18Peter Varley
33.3%
3Dave Morrissey
33.3%
2Lewis Irish
33.3%
1Dave Hallet
33.3%
1Dean Griffiths
33.3%
1Mike Walker
33.3%
15Dave Toomey
30.3%
1Richard Lamacraft
30.3%
1Tom Stocco
30.3%
1Anthony Mason
27.3%
1Ian Hutchinson
27.3%
1Renier Moor
27.3%
2Daniel Bulley
24.2%
1Darren Tallon
24.2%
1Martyn Grimshaw
24.2%
1Ryan King
24.2%
1Ed Weeks
21.2%
1George Friend
21.2%
14Dominic Richardson
18.2%
7Kezie Ibe
18.2%
2Laim Head
18.2%
1Damien Connery
18.2%
1Josh Ford
18.2%
1Mark Berry
18.2%
1Shaun Leiws
18.2%
4Scott Laird
15.2%
1Ian Patchett
15.2%
1Marcus Gross
15.2%
1Nathan Blamey
15.2%
1Sam Box
15.2%
1Tom Piotrowski
15.2%
2Richard Trotman
12.1%
1Karl Baker
12.1%
1Dean Stamp
9.1%
1Rob Speakman
9.1%
2Paul Hinshelwood
6.1%

You're not logged in!

Compare scores with friends on all Sporcle quizzes.
OR
Log In

You Might Also Like...

Show Comments

Extras

Created Sep 14, 2010ReportNominate
Tags:1999, Goal Scorers, pre, present, town

Top Quizzes Today


Score Distribution

Your Account Isn't Verified!

In order to create a playlist on Sporcle, you need to verify the email address you used during registration. Go to your Sporcle Settings to finish the process.

Report this User

Report this user for behavior that violates our Community Guidelines.

Details: